000 00714nam a22001817a 4500
999 _c371420
_d371420
008 201127b ||||| |||| 00| 0 eng d
040 _aDE-2950
_bger
_cDE-2950
_erda
041 _ager
245 _aLienauteich schützt nun Fließe vor dem Überlaufen.
_bÜberflutung: Die Stadt investierte 2021 in den innerstädtischen Hochwasserschutz an Nuhne, Klinge und Lienauteich /
_cLisa Mahlke
264 _c2022
653 _aFrankfurt (Oder)
653 _aHochwasserschutz
773 _dFrankfurt (Oder) Märkisches Verlags- und Druckhaus GmbH & Co KG
_tMärkische Oderzeitung
_g33. Jahrgang (2022) Nr. 34 vom 10.02.2022, S. 13
942 _cA